00500nam a2200157Ia 4500003000900000008004100009040001600050080002200066245010100088260004000189300000900229650004100238650002300279650001700302700002300319IN-BaIIA211028s9999 xx 000 0 eng d cIIA Library a082.2:52bIAU-C36 4aThe Energy Balance and Hydrodynamics of the Solar Chromosphere and Coronacedited by R.M. Bonnet aClermont-Ferrand, G De Bussacc1976 a504p aAstronomy and Astrophysics Thesaurus aSolar Chromosphere aSolar Corona aBonnet, R. M., ed.